<?xml version="1.0" encoding="UTF-8"?>
<record
    xmlns:xsi="http://www.w3.org/2001/XMLSchema-instance"
    xsi:schemaLocation="http://www.loc.gov/MARC21/slim http://www.loc.gov/standards/marcxml/schema/MARC21slim.xsd"
    xmlns="http://www.loc.gov/MARC21/slim">

  <leader>01213nam a2200193Ia 4500</leader>
  <datafield tag="952" ind1=" " ind2=" ">
    <subfield code="0">0</subfield>
    <subfield code="1">0</subfield>
    <subfield code="4">0</subfield>
    <subfield code="7">0</subfield>
    <subfield code="a">04</subfield>
    <subfield code="b">04</subfield>
    <subfield code="d">2008-11-20</subfield>
    <subfield code="l">13</subfield>
    <subfield code="m">2</subfield>
    <subfield code="o">KB365 P66 2007</subfield>
    <subfield code="p">04 002427</subfield>
    <subfield code="r">2019-05-14</subfield>
    <subfield code="s">2019-05-14</subfield>
    <subfield code="t">1</subfield>
    <subfield code="w">2012-06-24</subfield>
    <subfield code="y">LB</subfield>
  </datafield>
  <datafield tag="999" ind1=" " ind2=" ">
    <subfield code="c">62458</subfield>
    <subfield code="d">62458</subfield>
  </datafield>
  <controlfield tag="008">120625s2007    mx            001 0 sp  d</controlfield>
  <datafield tag="020" ind1=" " ind2=" ">
    <subfield code="a">9700773926</subfield>
  </datafield>
  <datafield tag="050" ind1=" " ind2="4">
    <subfield code="a">KB365 </subfield>
    <subfield code="b">P66 2007</subfield>
  </datafield>
  <datafield tag="100" ind1="1" ind2=" ">
    <subfield code="a">Porte Petit Candaudap, Celestino</subfield>
    <subfield code="e"> , autor</subfield>
  </datafield>
  <datafield tag="245" ind1="1" ind2="0">
    <subfield code="a">Dogm&#xE1;tica </subfield>
    <subfield code="b"> : sobre los delitos contra la vida y la salud personal </subfield>
    <subfield code="c"> / Celestino Porte Petit Candaudap </subfield>
  </datafield>
  <datafield tag="250" ind1=" " ind2=" ">
    <subfield code="a">13a. edici&#xF3;n </subfield>
  </datafield>
  <datafield tag="260" ind1=" " ind2=" ">
    <subfield code="a">M&#xE9;xico</subfield>
    <subfield code="b"> : Porr&#xFA;a </subfield>
    <subfield code="c"> , 2007</subfield>
  </datafield>
  <datafield tag="300" ind1=" " ind2=" ">
    <subfield code="a">xi, 552 p&#xE1;ginas </subfield>
    <subfield code="c"> ; 23 cm. </subfield>
  </datafield>
  <datafield tag="500" ind1=" " ind2=" ">
    <subfield code="a">1a. edici&#xF3;n 1966</subfield>
  </datafield>
  <datafield tag="505" ind1="0" ind2=" ">
    <subfield code="a">Consideraciones generales 
Homicidio 
Lesiones 
Ri&#xF1;a 
Premeditaci&#xF3;n 
Ventaja 
Alevos&#xED;a 
Traici&#xF3;n 
Delitos presuncionalmente completados, subordinados, circunstanciados cualificados 
Disparo de arma de fuego y ataque peligroso 
Aborto consentido 
Aborto procurado, propio o autoaborto 
Aborto sufrido 
Abortos culposos, por causas econ&#xF3;micas y eugen&#xE9;sicas 
Omisi&#xF3;n de asistencia a personas en peligro 
Abandono de atropellados 
Omisi&#xF3;n de ciudadano de incapaces de proveerse a s&#xED; mismos 
Incumplimiento de la obligaci&#xF3;n de proveer los recursos para la subsistencia familiar </subfield>
  </datafield>
  <datafield tag="519" ind1=" " ind2=" ">
    <subfield code="a">Material Complementario / </subfield>
    <subfield code="d">(04 002427) </subfield>
  </datafield>
  <datafield tag="650" ind1=" " ind2="4">
    <subfield code="a">DERECHO PENAL</subfield>
  </datafield>
  <datafield tag="942" ind1=" " ind2=" ">
    <subfield code="c">LB</subfield>
  </datafield>
</record>
